000 00763nam a2200217 a 4500
001 000033919
005 20200930070626.0
008 110914s2008 cl a 000 0 spa d
020 _a9789583005701
040 _aDO-SdBNP
_bspa
_cBNPHU
082 _axxxx
_bxxxx
100 1 _aEspaña, Gonzalo,
_c1945-
_959360
245 1 0 _aRelatos de la conquista de América /
_cGonzalo España ; ilustraciones de Jorge A. Ávila.
260 _aBogotá :
_bPanamericana,
_c2008.
300 _a147 p. :
_bil. ;
_c21 cm.
490 1 _aLiteratura Juvenil
500 _aIncluye datos biográficos del autor en la solapa de la contracubierta
500 _aLa biblitoeca posee la 7ma. reimpresión
700 1 _aA. Ávila, Jorge,
_eil.
_959361
830 0 _aLiteratura juvenil
_959362
999 _c33410
_d33410